01015cam a22002537a 4500003000400000005001700004008004100021017002000062020004400082020002800126040001400154100003900168245006800207260005700275300002000332500009500352600005700447651003800504700002900542700003300571942000800604999001500612952013400627OSt20150708165705.0150414s2015 spco ||| l000 0 cat|d aDL B 27807-2015 a9788498506563 (Ajuntament de Barcelona) a9788494247521 (Meteora) bcatcCDMR1 aLuján, Nèstord1922-19959297413aLa Barcelona dels tramvies i altres textos cNèstor Luján  aBarcelona bMeteora :bAjuntament de Barcelonac2015 a237 p. ;c22 cm aA la portada: Selecció d'articles, dietari i apunts a Cura de Jordi Amat i Agustí Pons10aLuján, Nèstord1922-199592974vRecull d'escrits 4aBarcelona (Catalunya)xHistòria1 aAmat, Jordid1978-945551 aPons, Agustíd1947- 92195 cMON c6875d6875 00104070aCDMRbCDMRd2015-07-08eDonacióg20.50l7m4oDu 6/91pCDMR15070055r2021-05-04s2021-04-20v20.50w2015-07-08yMON